000 00579nam a2200205Ia 4500
005 20260429112007.0
008 260429s9999||||xx |||||||||||||| ||und||
020 _a9781787152656
041 _aEnglish
082 _a001.422
_bOHE
100 _aOhee, Henderite Loisa
245 0 _aStatistics with R /
_cHenderite Loisa Ohee
260 _aUnited Kingdom :
_bKruger Brentt Publishers,
_c2024.
300 _ax, 533 p.; hb
650 _a R programming
650 _a Statistical methods
650 _aResearch methods
700 _a Gabriel, Ndakalimwe Naftal
942 _cTB
999 _c51794
_d51794